Causes of Time and Cost Over Run in the Construction Project of Pakistan (Record no. 551096)

000 -LEADER
fixed length control field 00355nam a22001337a 4500
082 ## - DEWEY DECIMAL CLASSIFICATION NUMBER
Classification number P-320
100 ## - MAIN ENTRY--PERSONAL NAME
Personal name Shahbaz
9 (RLIN) 47721
245 ## - TITLE STATEMENT
Title Causes of Time and Cost Over Run in the Construction Project of Pakistan
260 ## - PUBLICATION, DISTRIBUTION, ETC.
Place of publication, distribution, etc. Risalpur Cantt
Name of publisher, distributor, etc. MCE
300 ## - PHYSICAL DESCRIPTION
Extent P112
526 ## - STUDY PROGRAM INFORMATION NOTE
Program name 0
Interest level 0
Reading level 0
Title point value P_320
700 ## - ADDED ENTRY--PERSONAL NAME
Personal name Hamza Farooq Gabriel
9 (RLIN) 48058
942 ## - ADDED ENTRY ELEMENTS (KOHA)
Source of classification or shelving scheme
Koha item type Book
Holdings
Withdrawn status Lost status Source of classification or shelving scheme Damaged status Not for loan Permanent Location Current Location Date acquired Total Checkouts Full call number Barcode Date last seen Date last checked out Price effective from Koha item type
          Military College of Engineering (MCE) Military College of Engineering (MCE) 12/03/2014 2 P-320 MCE-P-320 11/14/2018 11/16/2017 12/03/2014 Book
© 2023 Central Library, National University of Sciences and Technology. All Rights Reserved.